000
00320nam a2200145Ia 4500
005
20251222144653.0
008
251222s9999||||xx |||||||||||||| ||spa||
020
_a
84-321-27493
082
_a
152.41/L54
100
_a
Lewis, C.S.
245
0
_a
Los cuatro amores
250
_a
4a.ed.
264
_b
Rialp
942
_c
LIB
999
_c
17131
_d
17131